000 00550cab a2200229 4500
001 X656
008 090401t1993 xxu||||| |||| 00| 0 eng d
035 _a(Sirsi) u66829
041 _aeng
245 _aBuilding/Barclays construction forecast
260 _c1993
350 _a0
490 _aBuilding
_v258(7793) 7 May 1993, 15(1)
650 _aCOMPLETIONS
650 _aCONSTRUCTION ACTIVITY
650 _aFORECASTS
650 _aHOUSING STARTS
650 _aOUTPUT
690 _aBUILT ENVIRONMENT
942 _n0
948 _c04/03/1997
999 _c41762
_d41762